000 00251nam a2200121Ia 4500
100 _a#N/A
650 _aComputer/ IT
942 _cBK
654 _aembedded
245 _aEmbedded C Programming and the Atmel AVR
260 _b#N/A
546 _aENGLISH
999 _c22267
_d22267